Elden Ring Bosses #1 - Statistics

General Stats
  • This quiz has been taken 87 times
  • The average score is 9 of 16
Answer Stats
Picture Answer % Correct
Margit, the Fell Omen
80%
Fire Giant
78%
Godrick the Grafted
77%
Red Wolf Of Radagon
61%
Rennala, Queen Of The Full Moon
58%
Starscourge Radahn
57%
Morgott, The Omen King
55%
Mohg, Lord Of Blood
54%
Godfrey, First Elden Lord
50%
Rykard, Lord Of Blasphemy
50%
Draconic Tree Sentinel
49%
Astel, Naturalborn Of The Void
46%
Dragonlord Placidusax
43%
Magma Wyrm Makar
38%
Lichdragon Fortissax
35%
Elemer Of The Briar
28%
No matching quizzes found
Score Distribution
Percent of People with Each Score
Percentile by Number Answered
Your Score History
You have not taken this quiz